书目信息 |
| 题名: |
趣味图解西班牙语快速入门
|
|
| 作者: | 姜才玉 编著 | |
| 分册: | ||
| 出版信息: | 北京 中国纺织出版社 2018.10 |
|
| 页数: | 199页 | |
| 开本: | 24cm | |
| 丛书名: | ||
| 单 册: | ||
| 中图分类: | H34 | |
| 科图分类: | ||
| 主题词: | 西班牙语--自学参考资料 | |
| 电子资源: | ||
| ISBN: | 978-7-5180-4925-7 | |
| 000 | 00752nam0 2200229 450 | |
| 001 | 4962 | |
| 005 | 20181013162344.57 | |
| 010 | @a978-7-5180-4925-7@dCNY59.80 | |
| 100 | @a20180819d2018 em y0chiy50 ea | |
| 101 | 0 | @achi@aspa |
| 102 | @aCN@b110000 | |
| 105 | @aab z 000yy | |
| 200 | 1 | @a趣味图解西班牙语快速入门@9qu wei tu jie xi ban ya yu kuai su ru men@f姜才玉编著 |
| 210 | @a北京@c中国纺织出版社@d2018.10 | |
| 215 | @a199页@c地图@d24cm | |
| 300 | @a毕昂小语种 601 | |
| 330 | @a本书分为字母及发音、基本会话和正篇三部分,主要内容有:问候;感谢、道歉;回答;请求;我来自马德里;在机场等。 | |
| 606 | 0 | @a西班牙语@j自学参考资料 |
| 690 | @aH34@v5 | |
| 701 | 0 | @a姜才玉@9jiang cai yu@4编著 |
| 801 | 0 | @aCN@b91MARC@c20180819 |
| 905 | @aMuseLib@dH34@e24 | |
| 趣味图解西班牙语快速入门/姜才玉编著.-北京:中国纺织出版社,2018.10 |
| 199页:地图;24cm |
| 毕昂小语种 601 |
| ISBN 978-7-5180-4925-7:CNY59.80 |
| 本书分为字母及发音、基本会话和正篇三部分,主要内容有:问候;感谢、道歉;回答;请求;我来自马德里;在机场等。 |
| ● |
| 相关链接 |
|
|
|
|
正题名:趣味图解西班牙语快速入门
索取号:H34/24
 
预约/预借
| 序号 | 登录号 | 条形码 | 馆藏地/架位号 | 状态 | 备注 |
| 1 | 1127464 | 211274645 | 第二样本阅览室/ [索取号:H34/24] | 在馆 | |
| 2 | 1127465 | 211274654 | 第四借阅区/ [索取号:H34/24] | 在馆 | |
| 3 | 1127466 | 211274663 | 密集书库—外国语学院/ [索取号:H34/24] | 在馆 | |
| 4 | 1127467 | 211274672 | 第四借阅区/ [索取号:H34/24] | 在馆 | |
| 5 | 1127468 | 211274681 | 第四借阅区/ [索取号:H34/24] | 在馆 |